A tudomány
[Eredeti közlés: Tudomány, 1945. (dec.) 1.évf. 1.sz. 97-101.p.]
Elmentve itt :
| Szerző: | |
|---|---|
| Dokumentumtípus: | Cikk |
| Megjelent: |
1987-06
|
| Sorozat: | Biokémia
11 No. 2 |
| Kulcsszavak: | Magyar-Szovjet Művelődési Társaság, Erasmus, természettudomyány, természettudományos világnézet |
| Online Access: | http://misc.bibl.u-szeged.hu/72716 |
| LEADER | 00765nab a2200193 i 4500 | ||
|---|---|---|---|
| 001 | misc72716 | ||
| 005 | 20251022151818.0 | ||
| 008 | 251022s1987 hu o 000 hun d | ||
| 040 | |a SZTE Miscellanea Repozitórium |b hun | ||
| 041 | |a hun | ||
| 100 | 2 | |a Szent-Györgyi Albert | |
| 245 | 1 | 2 | |a A tudomány |h [elektronikus dokumentum] / |c Szent-Györgyi Albert |
| 260 | |c 1987-06 | ||
| 300 | |a 49-53 | ||
| 490 | 0 | |a Biokémia |v 11 No. 2 | |
| 520 | 3 | |a [Eredeti közlés: Tudomány, 1945. (dec.) 1.évf. 1.sz. 97-101.p.] | |
| 561 | |a Szent-Györgyi Albertről szóló irodalom | ||
| 695 | |a Magyar-Szovjet Művelődési Társaság, Erasmus, természettudomyány, természettudományos világnézet | ||
| 856 | 4 | 0 | |u http://misc.bibl.u-szeged.hu/72716/1/biokemia_87_elso.pdf |z Dokumentum-elérés |